[Event "CAN-ch U10"]
[Site "Sault Ste Marie"]
[Date "2017.07.10"]
[Round "7"]
[White "Brunet, Alexandre"]
[Black "Hodgson, Trent"]
[Result "0-1"]
[WhiteElo "356"]
[BlackElo "682"]
[PlyCount "34"]
[EventDate "2017.07.06"]
[EventType "swiss"]
[EventRounds "7"]
[EventCountry "CAN"]
[SourceTitle "EXT 2022"]
[Source "ChessBase"]
[SourceDate "2021.10.06"]
[SourceVersion "1"]
[SourceVersionDate "2021.10.06"]
[SourceQuality "1"]

1. d4 d5 2. Bf4 Bf5 3. Nf3 Nc6 4. Nc3 Nb4 5. Nxd5 Qxd5 6. e4 Bxe4 7. Bd3 Bxd3 8. cxd3 Qc6 9. Ne5 Qc2 10. Qg4 Nf6 11. Qh3 e6 12. Bg5 Be7 13. d5 Nfxd5 14. Bxe7 Nf4 15. Qf3 Nfxd3+ 16. Kf1 Kxe7 17. Qxb7 Qxf2# 0-1

[Event "CAN-ch U10"]
[Site "Sault Ste Marie"]
[Date "2017.07.09"]
[Round "6"]
[White "Chen, Andrew2222"]
[Black "Brunet, Alexandre"]
[Result "1-0"]
[WhiteElo "1009"]
[BlackElo "356"]
[PlyCount "49"]
[EventDate "2017.07.06"]
[EventType "swiss"]
[EventRounds "7"]
[EventCountry "CAN"]
[SourceTitle "EXT 2022"]
[Source "ChessBase"]
[SourceDate "2021.10.06"]
[SourceVersion "1"]
[SourceVersionDate "2021.10.06"]
[SourceQuality "1"]

1. e4 e5 2. Nf3 Nc6 3. d4 Bb4+ 4. c3 Be7 5. d5 Na5 6. b4 c6 7. bxa5 Qxa5 8. Qb3 Nf6 9. Bd3 d6 10. 0-0 Bg4 11. Qxb7 0-0 12. Qxe7 Qc5 13. Nxe5 Rfe8 14. Qb7 Rab8 15. Qxc6 Qa5 16. Nxg4 Nxg4 17. Qxd6 Rbd8 18. Qf4 h5 19. Qg5 Re5 20. Qh4 Rde8 21. Bf4 g5 22. Qxh5 Nf6 23. Qh6 Ng4 24. Qd6 Nf6 25. Bxe5 1-0

[Event "CAN-ch U10"]
[Site "Sault Ste Marie"]
[Date "2017.07.08"]
[Round "5"]
[White "Vo, Peter"]
[Black "Brunet, Alexandre"]
[Result "1-0"]
[WhiteElo "1362"]
[BlackElo "356"]
[PlyCount "67"]
[EventDate "2017.07.06"]
[EventType "swiss"]
[EventRounds "7"]
[EventCountry "CAN"]
[SourceTitle "EXT 2022"]
[Source "ChessBase"]
[SourceDate "2021.10.06"]
[SourceVersion "1"]
[SourceVersionDate "2021.10.06"]
[SourceQuality "1"]

1. e4 e5 2. Nf3 Nc6 3. Bb5 a6 4. Ba4 Nf6 5. 0-0 d6 6. Re1 Bg4 7. h3 Bh5 8. c3 Be7 9. d3 Nd7 10. Nbd2 Bh4 11. Bb3 0-0 12. Re3 Qf6 13. Qe1 Ne7 14. Nxh4 Qxh4 15. Nf3 Qf4 16. Re2 Qf6 17. g4 d5 18. gxh5 dxe4 19. Bg5 Qxf3 20. Bxe7 Rfe8 21. Bh4 exd3 22. Re3 Qxh5 23. Bg3 Qxh3 24. Rxd3 Nc5 25. Re3 Nd7 26. Rf3 Qg4 27. Rxf7 Kh8 28. Qd1 Qg6 29. Rxd7 Qg5 30. Qd2 Qf6 31. Rxc7 Red8 32. Qe3 Rac8 33. Qxe5 Qb6 34. Qxg7# 1-0

[Event "CAN-ch U10"]
[Site "Sault Ste Marie"]
[Date "2017.07.06"]
[Round "2"]
[White "Brunet, Alexandre"]
[Black "Yuan, Henry"]
[Result "0-1"]
[WhiteElo "356"]
[BlackElo "961"]
[PlyCount "56"]
[EventDate "2017.07.06"]
[EventType "swiss"]
[EventRounds "7"]
[EventCountry "CAN"]
[SourceTitle "EXT 2022"]
[Source "ChessBase"]
[SourceDate "2021.10.06"]
[SourceVersion "1"]
[SourceVersionDate "2021.10.06"]
[SourceQuality "1"]

1. d4 e6 2. e3 c5 3. Bb5 a6 4. Bc4 d5 5. Bb3 c4 6. Ba4+ b5 7. Bxb5+ axb5 8. Nf3 Bd6 9. Nc3 b4 10. e4 bxc3 11. bxc3 dxe4 12. Ng5 Nf6 13. 0-0 Qc7 14. Re1 Bxh2+ 15. Kf1 0-0 16. Rb1 Rxa2 17. Rb5 Qd7 18. Rxb8 Bxb8 19. Re3 Ra1 20. Rh3 Bf4 21. Rxh7 Rxc1 22. Ke1 Rxd1+ 23. Kxd1 Nxh7 24. Nxh7 Qa4 25. g3 Qa1+ 26. Ke2 Qxc3 27. gxf4 Qxc2+ 28. Ke3 Qd3# 0-1

[Event "CAN-ch U08"]
[Site "Windsor"]
[Date "2015.07.09"]
[Round "6.136"]
[White "Brunet, Alexandre"]
[Black "Marcelloni, Jacob"]
[Result "0-1"]
[WhiteElo "356"]
[BlackElo "504"]
[PlyCount "32"]
[EventDate "2015.07.06"]
[EventType "swiss"]
[EventRounds "7"]
[EventCountry "CAN"]
[SourceTitle "EXT 2022"]
[Source "ChessBase"]
[SourceDate "2021.10.06"]
[SourceVersion "1"]
[SourceVersionDate "2021.10.06"]
[SourceQuality "1"]

1. e4 c5 2. Bc4 Nf6 3. Nc3 e6 4. Nf3 Nc6 5. d3 Be7 6. 0-0 0-0 7. Bf4 d5 8. exd5 exd5 9. Bxd5 Nxd5 10. Nxd5 Qxd5 11. d4 cxd4 12. Qxd4 Nxd4 13. Nxd4 Qxd4 14. Rad1 Qxf4 15. c3 Bd6 16. Rd4 Qxh2# 0-1

[Event "CAN-ch U08"]
[Site "Windsor"]
[Date "2015.07.07"]
[Round "2.133"]
[White "Brunet, Alexandre"]
[Black "Zhu, Matthew"]
[Result "0-1"]
[WhiteElo "356"]
[BlackElo "917"]
[PlyCount "68"]
[EventDate "2015.07.06"]
[EventType "swiss"]
[EventRounds "7"]
[EventCountry "CAN"]
[SourceTitle "EXT 2022"]
[Source "ChessBase"]
[SourceDate "2021.10.06"]
[SourceVersion "1"]
[SourceVersionDate "2021.10.06"]
[SourceQuality "1"]

1. d4 d5 2. Nf3 Nf6 3. Nc3 Bf5 4. Bf4 e6 5. e3 Bb4 6. Bg3 0-0 7. Bb5 Ne4 8. a3 Nxc3 9. Qc1 Na2+ 10. Kd1 Nxc1 11. Kxc1 Bd6 12. Bd3 Bxd3 13. cxd3 Bxg3 14. hxg3 Nc6 15. Nh4 Qf6 16. a4 Qxf2 17. Nf3 Qxe3+ 18. Kd1 Qxd3+ 19. Nd2 Qxg3 20. Rg1 Nxd4 21. Rh1 Qxg2 22. Nf1 Qxh1 23. Ke1 Nc2+ 24. Kd1 Qxf1+ 25. Kxc2 Qxa1 26. a5 Qxa5 27. Kb1 h5 28. b3 h4 29. b4 Qxb4+ 30. Ka1 h3 31. Ka2 h2 32. Ka1 h1Q+ 33. Ka2 Qf3 34. Ka1 Qfa3# 0-1